000 00517aam a2200229 4500
005 20250207134421.0
008 150306b2008 xxu||||| |||| 00| 0 spa d
041 _aESP
082 _aR 330.03 A881a
245 _aAtlas básico de economía
260 _aEspaña
260 _bParamón
260 _c2009
300 _a93 páginas
650 _aECONOMIA
650 _aMERCADEO
650 _aBOLSA DE VALORES
650 _aPRESUPUESTOS
650 _aGLOBALIZACION
650 _aDINERO
942 _cREF
_2ddc
999 _c3742
_d3742